| 000 | 00856cam a2200289Ma 4500 | ||
|---|---|---|---|
| 001 | 95123 | ||
| 005 | 20230410132803.0 | ||
| 008 | 091124s2004 bl 000 0 por d | ||
| 035 | _a(OCoLC)ocn496253385 | ||
| 040 |
_aUBA _cUBA |
||
| 020 | _a8590460118 | ||
| 020 | _a9788590460114 | ||
| 035 | _a(OCoLC)496253385 | ||
| 050 | 1 | 4 |
_aQH 307.2 _bV331m 2004 |
| 100 | 1 |
_aVasconcelos, Augusto Carlos de _d1922- |
|
| 245 | 1 | 0 |
_aMáquinas da natureza: _bum estudo da interface entre biologia e engenharia / _cAugusto Carlos de Vasconcelos. |
| 260 |
_aSão Paulo, SP : _bEd. do Autor, _cc2004. |
||
| 300 |
_a344 p. : _b27cm. |
||
| 650 | 0 | _aBiology. | |
| 650 | 0 | _aNature (Aesthetics) | |
| 650 | 7 |
_aEngenharia. _2larpcal |
|
| 650 | 7 |
_aBiologia. _2larpcal |
|
| 650 | 7 |
_aBioengenharia. _2larpcal |
|
| 942 |
_2lcc _cbk |
||
| 946 | _amjcruz | ||
| 994 |
_aC0 _bDRFGD |
||
| 999 |
_c87771 _d87771 |
||